000
00221 a2200109 4500
020
_a
9788417477783
041
_a
spa
100
_a
Roca, Judith Sanchez
245
_a
El Jorobado de Notre Dame
942
_c
BK
952
_7
4
999
_c
24851
_d
24851